Images That Rhyme with 'CAT' Quiz Stats

 Plays Quiz Updated Nov 8, 2017

Score 0/16 Timer 02:00
2 Plays Today
% Correct
hat
99.8%
mat
98.7%
bat
97.2%
rat
96.4%
flat
95.3%
splat
92.4%
at
85.3%
vat
77.3%
% Correct
frat
74.3%
pat
70%
gnat
70%
lat
64.7%
gat
56.9%
stat
55.8%
slat
51.5%
spat
41.5%

You're not logged in!

Compare scores with friends on all Sporcle quizzes.
OR
Log In

Sporcle TV

Today on Sporcle TV


Watch our educational content, quiz creation guides, and fun videos on Sporcle TV.

Show Comments

Extras

Top Quizzes Today


Score Distribution

Your Account Isn't Verified!

In order to create a playlist on Sporcle, you need to verify the email address you used during registration. Go to your Sporcle Settings to finish the process.

Report this User

Report this user for behavior that violates our Community Guidelines.

Details: